[Event "Titled Tuesday intern op 5th April"]
[Site "Chess.com INT"]
[Date "2016.04.05"]
[Round "1"]
[White "Maidel, Anton"]
[Black "Terletsky, Oleg"]
[Result "1-0"]
[WhiteElo "2347"]
[BlackElo "2176"]
[PlyCount "47"]
[EventDate "2016.04.05"]
[EventType "swiss (blitz)"]
[EventRounds "9"]
[EventCountry "USA"]
[SourceTitle "EXT 2021"]
[Source "ChessBase"]
[SourceDate "2020.10.23"]
[SourceVersion "1"]
[SourceVersionDate "2020.10.23"]
[SourceQuality "1"]

1. e4 e5 2. Nf3 Nc6 3. Nc3 Nf6 4. g3 d5 5. exd5 Nxd5 6. Bg2 Nxc3 7. bxc3 Bd6 8. 0-0 0-0 9. Re1 Bg4 10. h3 Bh5 11. g4 Bg6 12. d3 f5 13. Ng5 Qd7 14. Rb1 e4 15. dxe4 fxg4 16. Qxg4 Qxg4 17. hxg4 Ne5 18. Rxb7 Nxg4 19. f3 Bc5+ 20. Kh1 Nf2+ 21. Kh2 h6 22. Ne6 Bb6 23. Nxf8 Rxf8 24. Be3 1-0

[Event "Titled Tuesday intern op 2nd Febr"]
[Site "Chess.com INT"]
[Date "2016.02.02"]
[Round "4"]
[White "Balog, Imre1111"]
[Black "Maidel, Anton"]
[Result "0-1"]
[WhiteElo "2525"]
[BlackElo "2347"]
[PlyCount "34"]
[EventDate "2016.02.02"]
[EventType "swiss (blitz)"]
[EventRounds "9"]
[EventCountry "USA"]
[SourceTitle "EXT 2021"]
[Source "ChessBase"]
[SourceDate "2020.10.23"]
[SourceVersion "1"]
[SourceVersionDate "2020.10.23"]
[SourceQuality "1"]

1. c4 e5 2. g3 Nf6 3. Bg2 d5 4. cxd5 Nxd5 5. Nc3 Nb6 6. a3 Be7 7. b4 0-0 8. Nf3 Nc6 9. 0-0 f6 10. b5 Nd4 11. a4 Be6 12. Rb1 c5 13. bxc6 bxc6 14. d3 Rc8 15. Bd2 c5 16. a5 Nd5 17. Qa4 Nxc3 0-1

[Event "Titled Tuesday intern op 2nd Febr"]
[Site "Chess.com INT"]
[Date "2016.02.02"]
[Round "3"]
[White "Klekowski, Maciej"]
[Black "Maidel, Anton"]
[Result "0-1"]
[WhiteElo "2439"]
[BlackElo "2347"]
[PlyCount "68"]
[EventDate "2016.02.02"]
[EventType "swiss (blitz)"]
[EventRounds "9"]
[EventCountry "USA"]
[SourceTitle "EXT 2021"]
[Source "ChessBase"]
[SourceDate "2020.10.23"]
[SourceVersion "1"]
[SourceVersionDate "2020.10.23"]
[SourceQuality "1"]

1. e4 e5 2. Nf3 Nf6 3. Nxe5 d6 4. Nf3 Nxe4 5. Nc3 Nf6 6. d4 Be7 7. Bd3 0-0 8. 0-0 d5 9. h3 Re8 10. Bf4 c6 11. Ne5 Nbd7 12. Ne2 Nf8 13. Bh2 Ng6 14. f4 Bd6 15. Ng3 Qb6 16. Kh1 Qxb2 17. Nf5 Bxf5 18. Bxf5 Ne4 19. Rb1 Qxa2 20. Bxe4 dxe4 21. Rxb7 Bxe5 22. fxe5 Re7 23. Rxe7 Nxe7 24. Qg4 Qd5 25. c3 a5 26. Rf6 a4 27. Rd6 Qc4 28. Qd7 Ng6 29. Rxc6 Qf1+ 30. Bg1 e3 31. e6 e2 32. Rc8+ Rxc8 33. Qxc8+ Nf8 34. exf7+ Kxf7 0-1

[Event "Titled Tuesday intern op 2nd Febr"]
[Site "Chess.com INT"]
[Date "2016.02.02"]
[Round "1"]
[White "Maidel, Anton"]
[Black "Arun, Siddharth"]
[Result "1-0"]
[WhiteElo "2347"]
[BlackElo "2056"]
[PlyCount "101"]
[EventDate "2016.02.02"]
[EventType "swiss (blitz)"]
[EventRounds "9"]
[EventCountry "USA"]
[SourceTitle "EXT 2021"]
[Source "ChessBase"]
[SourceDate "2020.10.23"]
[SourceVersion "1"]
[SourceVersionDate "2020.10.23"]
[SourceQuality "1"]

1. e4 c6 2. d4 d5 3. exd5 cxd5 4. Nf3 Nc6 5. c4 Nf6 6. Nc3 e6 7. cxd5 exd5 8. Bb5 Bd6 9. 0-0 0-0 10. h3 a6 11. Bd3 h6 12. Re1 b5 13. a3 Qc7 14. Be3 Be6 15. Rc1 Qb7 16. Ne2 Rac8 17. Nf4 Bd7 18. Bb1 b4 19. Qd3 Ne7 20. Nh5 Ne4 21. Nd2 Bf5 22. Nxe4 Bxe4 23. Qb3 Bxb1 24. Rxb1 a5 25. Bf4 Nf5 26. Bxd6 Nxd6 27. Nxg7 Kxg7 28. Qg3+ Kh7 29. Qxd6 Rfe8 30. axb4 axb4 31. Re5 Rxe5 32. Qxe5 b3 33. Re1 Qd7 34. Re3 Rc1+ 35. Kh2 Rc2 36. Rg3 f5 37. Qf6 Rc6 38. Qf8 Rg6 39. Rxg6 Kxg6 40. Qg8+ Kf6 41. Qg3 Qe6 42. Qxb3 Qe4 43. Qe3 Qc2 44. Qxh6+ Ke7 45. Qe3+ Kf6 46. b4 Qb2 47. Qe5+ Kg6 48. Qxd5 Qxb4 49. Qe5 Qd2 50. d5 f4 51. f3 1-0